[Event "5th Shamkir Chess 2018"]
[Site "Shamkir"]
[Date "2018.04.21"]
[Round "3"]
[White "Navara, David"]
[Black "Wojtaszek, Radoslaw"]
[Result "1/2-1/2"]
[WhiteElo "2745"]
[BlackElo "2744"]
[Annotator "TA"]
[PlyCount "53"]
[EventDate "2018.??.??"]
[EventType "tourn"]
[EventCountry "AZE"]
[SourceTitle "playchess.com"]
[Source "ChessBase"]
[SourceQuality "1"]

{[%evp 22,53,17,15,55,14,18,20,24,0,0,0,0,0,0,0,0,0,0,0,0,0,0,0,0,0,0,0,0,0,0,0,0,0]} 1. e4 c5 2. Nf3 d6 3. d4 cxd4 4. Nxd4 Nf6 5. Nc3 a6 6. g3 e5 7. Nde2 Be7 8. Bg2 b5 9. Nd5 {B91: Sicilian Najdorf: 6 g3} (9. h3 Nbd7 10. g4 b4 11. Nd5 Nxd5 12. exd5 a5 13. a3 Ba6 14. O-O O-O 15. b3 Qc7 16. Ra2 Rfc8 {0-1 (52) Fontaine,R (2563)-Vachier Lagrave,M (2789) chess.com INT 2018}) 9... Nbd7 10. Nec3 Nb6 11. Nxe7 Qxe7 12. Bg5 {LiveBook: 4 Games} O-O 13. O-O h6 14. Bxf6 Qxf6 15. a4 $146 ({Predecessor:} 15. b3 Bb7 16. Qd2 Rfc8 17. Rfe1 Nd7 18. Bh3 Rd8 19. a4 b4 20. Nd5 Bxd5 21. Qxd5 Nc5 22. Rad1 a5 23. Qc4 Qe7 24. Rd5 Rdb8 {½-½ (24) Jimenez Molina,G (2382)-David Bordier,C (2313) ICCF email 2016}) 15... b4 {The position is equal.} 16. Nd5 Nxd5 17. Qxd5 Be6 18. Qxd6 a5 19. Qb6 Rfc8 20. Rfc1 Qe7 21. Qe3 Rc5 22. Bf1 Rac8 23. Ba6 R8c6 24. Bb5 Rc8 25. Ba6 R8c6 26. Bb5 Rc8 27. Ba6 {Precision: White = 86%, Black = 97%.} 1/2-1/2

[Event "5th Shamkir Chess 2018"]
[Site "Shamkir"]
[Date "2018.04.21"]
[Round "3"]
[White "Mamedov, Rauf"]
[Black "Carlsen, Magnus"]
[Result "1/2-1/2"]
[WhiteElo "2704"]
[BlackElo "2843"]
[Annotator "TA"]
[PlyCount "102"]
[EventDate "2018.??.??"]
[EventType "tourn"]
[EventCountry "AZE"]
[SourceTitle "playchess.com"]
[Source "ChessBase"]
[SourceQuality "1"]

{[%evp 27,102,8,5,-5,-6,-6,-10,-11,-11,-11,-1,-8,-13,-13,-10,-8,-12,-11,-10,-10,-12,-13,-13,-15,0,0,0,-12,0,0,0,0,0,0,0,0,0,0,0,0,0,0,0,0,0,0,0,0,0,0,0,0,0,0,8,8,8,8,8,8,8,8,8,-8,-8,0,0,-8,-8,-8,-8,-8,-8,-8,0,0,0]} 1. e4 d6 2. d4 Nf6 3. Nc3 g6 4. f4 Bg7 5. Nf3 c5 6. Bb5+ Bd7 7. e5 Ng4 8. Bxd7+ Qxd7 9. d5 dxe5 10. h3 e4 11. Nxe4 Nf6 12. Nxf6+ Bxf6 13. O-O O-O 14. c4 {B09: Pirc Defence: Austrian Attack} (14. Ne5 Qa4 15. c4 Qxd1 16. Rxd1 Rd8 17. Bd2 Nd7 18. Bc3 Nb6 19. b3 Nc8 20. Re1 Nd6 21. Rac1 Rac8 22. a4 {½-½ (43) Baklan,V (2602)-Hillarp Persson,T (2524) Reykjavik 2011}) 14... e6 {LiveBook: 14 Games. The position is equal.} 15. Be3 exd5 16. cxd5 $146 ({Find the theoretical novelty and annotate with similar games:} 16. Qxd5 Qxd5 17. cxd5 Nd7 18. Rfd1 Rfe8 19. Kf2 Rad8 20. Rab1 Bg7 21. Nd2 Nf6 22. Bxc5 Nxd5 23. Bxa7 Nxf4 24. Nc4 Nd3+ 25. Kf1 b5 26. b4 bxc4 {0-1 (26) Kolar,P-Omelka,R Czech Republic 1999}) 16... Rd8 17. Qc2 Na6 18. Rad1 Nb4 19. Qxc5 Nxd5 20. Bd4 {[#] Strongly threatening Bxf6.} Rac8 21. Qa3 Qf5 22. Bxf6 Qxf6 23. Qxa7 Nxf4 {[#] Threatens to win with ...Ne2+.} 24. Rxd8+ Rxd8 25. Qe3 Nd5 (25... h6 {NOTEXT} 26. h4 Rd5 27. g3 Nh5 28. Nh2 Re5) 26. Qb3 Nf4 {aiming for ...Ne2+.} 27. Qe3 Nd5 28. Qb3 b6 29. Rd1 Nf4 30. Rxd8+ Qxd8 31. Qe3 g5 32. Kh2 h6 33. h4 Ne6 34. hxg5 hxg5 35. Qe4 Qf6 36. Qe5 Qg6 37. g4 Qd3 38. Kg3 b5 39. Kf2 Kf8 40. Qe2 Nf4 (40... Qd7 {NOTEXT} 41. Qe5 Ke7 42. Qe4 Qa7+ 43. Kg2 Qc5) 41. Qxd3 Nxd3+ $11 {[%mdl 4096] Endgame KN-KN} 42. Ke3 Nxb2 43. Nxg5 Nd1+ 44. Kd4 Nf2 45. Nxf7 Kxf7 {KN-KPP} 46. Kc5 Ne4+ 47. Kxb5 Nc3+ 48. Kc4 Nxa2 49. g5 Kg7 50. g6 Nb4 51. Kxb4 Kxg6 {Precision: White = 84%, Black = 86%.} 1/2-1/2

[Event "5th Shamkir Chess 2018"]
[Site "Shamkir"]
[Date "2018.04.22"]
[Round "4"]
[White "Karjakin, Sergey"]
[Black "Navara, David"]
[Result "1/2-1/2"]
[WhiteElo "2778"]
[BlackElo "2745"]
[Annotator "TA"]
[PlyCount "86"]
[EventDate "2018.??.??"]
[EventType "tourn"]
[EventCountry "AZE"]
[SourceTitle "playchess.com"]
[Source "ChessBase"]
[SourceQuality "1"]

{[%evp 22,86,26,22,17,0,0,0,0,0,-3,-1,0,0,0,0,0,0,0,8,7,0,0,0,0,0,0,0,0,0,0,0,0,0,0,0,0,0,0,0,0,0,0,0,0,0,0,0,0,0,0,0,0,0,0,0,0,0,0,0,0,0,0,0,0,-7,0]} 1. e4 c6 {[%cal Bc7c6,Bc6c5][%mdl 32]} 2. d4 d5 3. e5 Bf5 4. Nf3 e6 5. Be2 c5 6. Be3 Qb6 7. Nc3 Nc6 8. O-O {B12: Caro-Kann: Advance Variation} Qxb2 9. Qe1 cxd4 10. Bxd4 Nxd4 11. Nxd4 {[%cal Bf3d4,Bd4b5,Bb5d6][%mdl 32]} Bb4 12. Ndb5 {LiveBook: 21 Games} (12. Rb1 Bxc3 13. Rxb2 Bxe1 14. Rxe1 b6 15. Bb5+ Kf8 16. Nxf5 exf5 {½-½ (55) Inarkiev,E (2689)-Riazantsev,A (2650) St Petersburg 2017}) 12... Ba5 {The position is equal.} 13. g4 Bg6 $1 {Strongly threatening ...Ne7.} 14. Rb1 Qxc2 15. Rc1 Qb2 16. f4 $146 {[%mdl 2048] White is fighting back} Ne7 {...0-0 is the strong threat.} 17. Nd6+ Kf8 18. f5 exf5 19. gxf5 {[#]} Nxf5 $1 {[%mdl 512]} 20. Nxf5 Rc8 {[%cal Rc8c3]} 21. Bb5 {And now e6 would win.} Bxf5 $1 (21... Rxc3 22. e6 $18) 22. e6 {White wants to mate with e7+.} f6 23. Rxf5 Bxc3 {[#]} 24. Rxc3 $1 {[%mdl 512]} Qxc3 25. e7+ Kf7 26. e8=Q+ $1 Rhxe8 27. Bxe8+ Kf8 28. Qxc3 Rxc3 $11 {[%mdl 4096] Endgame KRB-KR} 29. Ba4 Rc5 30. Bb3 Ke7 31. Rxd5 Rxd5 32. Bxd5 {KB-KP} b5 33. Kf2 Kd6 34. Bg8 h6 35. Ke3 Ke5 36. Bb3 g5 37. Bd1 f5 38. h3 a5 39. Bf3 b4 {Threatens to win with ...a4.} 40. Bd1 $1 Kd5 41. Kd3 Ke5 {White must now prevent ...Kf4.} 42. Ke3 Kd5 43. Kd3 Ke5 {Precision: White = 77%, Black = 91%.} 1/2-1/2

[Event "5th Shamkir Chess 2018"]
[Site "Shamkir"]
[Date "2018.04.22"]
[Round "4"]
[White "Giri, Anish"]
[Black "Ding, Liren"]
[Result "1/2-1/2"]
[WhiteElo "2777"]
[BlackElo "2778"]
[Annotator "TA"]
[PlyCount "138"]
[EventDate "2018.??.??"]
[EventType "tourn"]
[EventCountry "AZE"]
[SourceTitle "playchess.com"]
[Source "ChessBase"]
[SourceQuality "1"]

{[%evp 17,138,10,16,9,13,14,23,19,24,20,16,14,25,20,35,0,9,0,0,0,0,0,0,0,0,0,0,0,0,0,0,-57,-80,-97,-92,-108,-94,-136,-62,-58,0,-127,-66,-139,-100,-101,-101,-210,-168,-163,-132,-134,-127,-128,-81,-78,-76,-112,-92,-93,-86,-102,-56,-159,-171,-153,-104,-96,-30,-31,-12,-12,-12,-12,-12,-12,-12,-13,-13,-13,-13,-13,-14,-14,-14,-14,0,0,0,-15,0,-483,-468,-393,-326,-12850,-12841,-6183,-1347,-29960,-29959,-29961,-29962,-29959,-29958,-29960,-29963,-29963,-29964,-29970,-29970,-29966,-8,-8,-8,-8,-8,-8,-8,-8,-8,-8,0]} 1. c4 Nf6 2. Nf3 e6 {[%cal Be7e6,Be6d5,Bd5d4][%mdl 32]} 3. b3 d5 4. Bb2 c5 5. cxd5 exd5 6. g3 {A13: English Opening: 1...e6} (6. e3 Nc6 7. Bb5 Bd6 8. d4 O-O 9. dxc5 Bxc5 10. O-O Bg4 11. Bxc6 bxc6 12. Qc2 Ne4 13. Nbd2 Nxd2 14. Nxd2 Bb6 15. h3 Be6 {½-½ (62) Andreikin,D (2712)-Anand,V (2776) Moscow 2018}) 6... Nc6 7. Bg2 d4 8. O-O Be7 9. Na3 O-O {LiveBook: 3 Games} 10. Nc4 Be6 11. e3 Rc8 12. exd4 $146 ({Predecessor:} 12. Nfe5 Nxe5 13. Nxe5 dxe3 14. dxe3 {½-½ (50) Salaun,Y (2329)-Delaunay,S (2357) France 2005}) 12... cxd4 13. Re1 Bd5 14. Nce5 Nxe5 15. Nxe5 Re8 16. Bf3 Bc5 17. Rc1 Qd6 18. Nd3 Rxe1+ 19. Nxe1 Re8 {Threatens to win with ...Rxe1+!} 20. Nd3 {aiming for Bxd5.} Bb6 21. Nf4 Bxf3 22. Qxf3 Qd7 23. h4 h6 24. Ng2 ({White should try} 24. a4 $11) 24... Ng4 $15 25. Re1 {Rxe8+ is the strong threat.} Ne5 26. Qe4 Re6 27. Ba1 Ng4 (27... Ba5 $17 28. Rd1 Re7) 28. Qd3 Ne5 (28... h5 $15) 29. Qe4 $17 g6 (29... Ba5 $17 30. Rd1 Re7) 30. Rf1 (30. h5 $15) 30... f5 31. Qf4 Qd5 32. f3 (32. Ne1 $17) 32... Kg7 33. g4 Rf6 34. g5 hxg5 35. hxg5 Re6 36. Qg3 Nd3 37. Nf4 Nxf4 38. Qxf4 Kf7 39. Qh4 Ke7 40. Qh7+ (40. d3 $15) 40... Kd6 41. Bb2 f4 42. Kh1 Qxg5 (42... Bc5 $1 $17 43. Qg7 Kc6) 43. Ba3+ $11 Kc6 44. Rc1+ Kb5 45. Qxb7 {White threatens Qd7+ and mate.} Qh4+ 46. Kg1 {[%csl Ga3][%cal Rc1c5]} Re1+ $40 {[%mdl 128] Black mounts an attack.} 47. Rxe1 Qxe1+ 48. Kg2 Qxd2+ 49. Kh3 Qc2 {Hoping for ...Qf5+.} 50. Qd5+ $1 Ka6 {And now ...Qf5+ would win.} 51. Bd6 $1 Qc8+ 52. Kg2 Qc2+ 53. Kh3 Qc1 54. Kg4 $2 {[%mdl 8192]} (54. Kg2 $11) 54... Qg1+ $1 $19 55. Kxf4 {[#]} Qh2+ $1 56. Kg4 $2 {[#]} (56. Ke4 Qc2+ 57. Kf4) 56... Qh5+ $1 {[%mdl 512]} 57. Qxh5 gxh5+ 58. Kxh5 {[%mdl 4096] Endgame KB-KB} d3 59. Bf4 Ba5 60. Kg4 Kb5 61. Kf5 d2 62. Bxd2 Bxd2 {KB-K3P} 63. f4 Kb4 64. Ke4 Kc5 $2 (64... a6 {mates} 65. f5 Ka3 66. Kd3 Bb4 67. Kc4 Be7 68. b4 Bxb4 69. f6 Ka4 70. Kd4 Kb5 71. Kd3 a5 72. Ke3 Ka4 73. Kd3 Ka3 74. Kc4 Kxa2 75. f7 Ka3 76. Kb5 a4 77. Kc4 Bf8 78. Kd5 Kb4 79. Ke6 a3 80. Kd7 a2 81. Ke8 Bc5 82. f8=Q Bxf8 83. Kf7 a1=Q 84. Kxf8 Qa7 85. Kg8 Kc5 86. Kf8 Kd6 87. Kg8 Ke6 88. Kh8 Kf6 89. Kg8 Qg7#) 65. Ke5 $1 $11 {The position is equal.} Kc6 {White must now prevent ...Kd7.} (65... a6 $5 66. f5 $8 Kb4 $11) 66. f5 Bb4 67. Ke6 Ba3 68. f6 a5 69. Kf7 Kd7 {Precision: White = 61%, Black = 65%.} 1/2-1/2

[Event "5th Shamkir Chess 2018"]
[Site "Shamkir"]
[Date "2018.04.22"]
[Round "4"]
[White "Topalov, Veselin"]
[Black "Mamedyarov, Shakhriyar"]
[Result "1-0"]
[WhiteElo "2749"]
[BlackElo "2814"]
[Annotator "TA"]
[PlyCount "83"]
[EventDate "2018.??.??"]
[EventType "tourn"]
[EventCountry "AZE"]
[SourceTitle "playchess.com"]
[Source "ChessBase"]
[SourceQuality "1"]

{[%evp 31,83,-5,-4,-63,-70,-68,-45,-54,-53,-67,-67,-32,-20,-115,-118,-80,0,-123,-119,-104,-127,-142,-98,-96,-97,-89,-78,-79,0,0,0,0,0,0,0,0,0,0,21,11,13,12,41,45,97,92,149,53,103,90,197,202,197,197]} 1. e4 e5 2. Nf3 Nc6 3. Bb5 a6 4. Ba4 Nf6 5. O-O Nxe4 6. d4 b5 7. Bb3 d5 8. dxe5 Be6 9. Be3 Be7 10. c3 O-O 11. Nbd2 Nxd2 12. Qxd2 Na5 13. Bc2 Nc4 {C83: Open Ruy Lopez: 9 c3 Be7} 14. Qd3 g6 15. Bh6 Nxb2 (15... Re8 16. Nd4 Bd7 17. Rae1 Nxb2 18. Qf3 Bg5 19. Bxg5 Qxg5 20. Qxd5 Rad8 21. Qc5 {½-½ (36) Tari,A (2570)-Ernst,T (2372) Vasteras 2016}) 16. Qe2 Re8 {LiveBook: 3 Games} 17. Nd4 (17. Bxg6 $1 $11 hxg6 18. Qxb2) 17... Bd7 $15 18. f4 c5 19. Nf3 $1 Qb6 {...b4 is the strong threat.} 20. Qf2 d4 $146 ({Predecessor:} 20... Nc4 21. Rae1 {½-½ (29) Haznedaroglu,K (1990)-Wojcik,W (2185) ICCF email 2006}) 21. Bg5 {And now Bxe7 would win.} dxc3 22. Qh4 (22. Rae1 $1 $11) 22... c4+ 23. Kh1 Bf8 $1 {[#] Strongly threatening ...Nd3.} 24. f5 $1 {[%mdl 512]} Nd3 $17 {[#]} ({Reject} 24... Bxf5 $6 25. Bxf5 gxf5 26. Bf6 $11) 25. e6 $1 {[%mdl 512] [#]} Bxe6 $1 (25... fxe6 26. f6) 26. fxe6 Rxe6 {Threatens to win with ...f6.} ({Of course not} 26... Qxe6 $6 27. Bf6 $11) 27. Rad1 Rae8 28. Bxd3 cxd3 29. Rxd3 Re4 (29... Qc5 $17 30. Rd8 c2) 30. Bf4 $1 $11 {Hoping for Ng5.} Be7 31. Qg3 $1 b4 32. Ng5 $1 {[%cal Rg5e4]} Bxg5 $1 33. Bxg5 Qe6 34. h3 Qe5 {aiming for ...Qxg3.} 35. Kh2 Qxg3+ 36. Kxg3 h6 37. Bxh6 Re1 {[#]} (37... a5 $14) 38. Rf6 $1 $16 R1e6 ({Black should play} 38... a5) 39. Rf2 ({White should try} 39. Rxe6 $16 Rxe6 40. Kf2) 39... Re2 40. Rd5 Rxf2 (40... R8e5 $16 {keeps fighting.}) 41. Kxf2 $18 f6 42. Be3 {Precision: White = 67%, Black = 59%.} 1-0

[Event "5th Shamkir Chess 2018"]
[Site "Shamkir"]
[Date "2018.04.22"]
[Round "4"]
[White "Radjabov, Teimour"]
[Black "Carlsen, Magnus"]
[Result "1/2-1/2"]
[WhiteElo "2748"]
[BlackElo "2843"]
[Annotator "TA"]
[PlyCount "38"]
[EventDate "2018.??.??"]
[EventType "tourn"]
[EventCountry "AZE"]
[SourceTitle "playchess.com"]
[Source "ChessBase"]
[SourceQuality "1"]

{[%evp 33,38,0,0,0,10,0,0]} 1. d4 d5 2. c4 c6 3. Nc3 Nf6 4. e3 e6 5. Nf3 Nbd7 6. Qc2 Bd6 7. b3 O-O 8. Be2 b6 9. O-O Bb7 10. Bb2 Qe7 11. Rad1 Rad8 12. Rfe1 Rfe8 13. e4 {D45: Semi-Slav: 5 e3} Nxe4 14. Nxe4 dxe4 15. Qxe4 Bb4 16. Rf1 Bd6 {[#]} 17. Rfe1 $146 ({Predecessor:} 17. Ne5 f5 18. Qf3 Nxe5 19. dxe5 Bc5 20. Bc3 a5 21. Qf4 {½-½ (21) Radjabov,T (2741)-Giri,A (2762) Palma de Mallorca 2017}) 17... Bb4 {LiveBook: 34 Games. The position is equal.} 18. Rf1 Bd6 19. Rfe1 Bb4 1/2-1/2

[Event "5th Shamkir Chess 2018"]
[Site "Shamkir"]
[Date "2018.04.22"]
[Round "4"]
[White "Wojtaszek, Radoslaw"]
[Black "Mamedov, Rauf"]
[Result "1/2-1/2"]
[WhiteElo "2744"]
[BlackElo "2704"]
[Annotator "TA"]
[PlyCount "81"]
[EventDate "2018.??.??"]
[EventType "tourn"]
[EventCountry "AZE"]
[SourceTitle "playchess.com"]
[Source "ChessBase"]
[SourceQuality "1"]

{[%evp 27,81,16,16,14,18,-37,-39,-29,-39,-62,-45,-55,-41,-39,-39,-48,-48,-48,-48,-41,-48,-54,-41,-54,-47,-49,-41,-39,0,0,0,-42,-54,-47,-53,-54,-48,-50,-39,-44,-42,-59,-65,-68,-63,-67,-30,-41,0,0,0,0,0,0,0,0]} 1. d4 d5 2. c4 e6 3. Nf3 c5 4. cxd5 exd5 5. g3 Nc6 6. Bg2 Nf6 7. O-O Be7 8. dxc5 Bxc5 9. Qc2 Bb6 10. Nc3 O-O 11. Bg5 {D30: Queen's Gambit Declined: Systems without Nc3} Be6 12. Na4 h6 13. Nxb6 axb6 14. Bxf6 Qxf6 {LiveBook: 3 Games} 15. Qb3 Ra6 16. Rac1 $146 (16. Rfc1 $11) ({Find the theoretical novelty and annotate with similar games:} 16. a3 d4 17. Qb5 Rd8 {0-1 (69) Paunovic,D (2470)-Mitrovic,P (2385) Niksic 1997}) 16... d4 $15 17. Qb5 {Rxc6 is the strong threat.} Rxa2 18. Rc2 {[#]} d3 $1 {[%mdl 512]} 19. exd3 (19. Qxd3 Nb4) 19... Bg4 20. Qc4 Bxf3 21. Bxf3 Ne5 22. Qxa2 Nxf3+ 23. Kg2 {[#] And now Qd5 would win.} Nd4 24. b4 Qf3+ 25. Kg1 Qxd3 26. Qc4 Qe4 {Threatens to win with ...b5.} 27. Rd1 Nf3+ 28. Kh1 $1 Nd4+ $1 29. Kg1 Qxc2 30. Rxd4 Qxc4 31. Rxc4 {[%mdl 4096] Endgame KR-KR} Rd8 32. Kg2 Kf8 33. h4 Rd6 34. Rc7 Rd4 35. Rxb7 Rxb4 36. h5 Rb5 37. f4 f5 38. Kf2 {The position is equal.} Rb3 39. Rd7 Rb5 40. Ke3 Rb3+ 41. Kf2 {Precision: White = 77%, Black = 71%.} 1/2-1/2

[Event "5th Shamkir Chess 2018"]
[Site "Shamkir"]
[Date "2018.04.23"]
[Round "5"]
[White "Carlsen, Magnus"]
[Black "Wojtaszek, Radoslaw"]
[Result "1-0"]
[WhiteElo "2843"]
[BlackElo "2744"]
[Annotator "TA"]
[PlyCount "61"]
[EventDate "2018.??.??"]
[EventType "tourn"]
[EventCountry "AZE"]
[SourceTitle "playchess.com"]
[Source "ChessBase"]
[SourceQuality "1"]

{[%evp 9,61,8,6,0,-2,-13,0,-12,-3,0,31,30,29,26,73,57,68,68,68,54,72,74,131,136,149,106,106,96,110,84,98,64,42,42,46,47,33,39,81,87,69,72,170,166,175,129,310,321,322,308,898,893,884,864]} 1. e4 c5 2. Nc3 d6 3. d4 cxd4 4. Qxd4 Nc6 5. Qd2 (5. Bb5 Bd7 6. Bxc6 Bxc6 7. Nge2 Nf6 8. f3 e5 9. Qd3 h6 10. Be3 Be7 11. O-O-O {0-1 (37) Guseinov,G (2646)-Amonatov,F (2636) Riadh 2017}) 5... Nf6 6. b3 {B23: Closed Sicilian: Lines without g3} e6 7. Bb2 a6 8. O-O-O {The position is equal.} b5 $146 ({Predecessor:} 8... Qa5 9. Kb1 Be7 10. f4 {½-½ (10) Fernandez de Bobadilla,J (2106)-Fernandez de Bobadilla,G (2167) Granada 2015}) 9. f3 h5 10. Nh3 Be7 11. Ng5 h4 12. f4 Bb7 13. Kb1 Rc8 14. Be2 Qc7 15. Rhe1 Nh7 (15... O-O $142) 16. Nxh7 $16 Rxh7 17. g4 hxg3 18. hxg3 Bf6 19. Bd3 ({Don't take} 19. Qxd6 Qxd6 20. Rxd6 Rh3 $14) 19... Rh8 20. g4 Nd4 $1 {[%cal Rd4f3]} 21. Re3 {[#] And now g5 would win.} Kf8 $1 22. Ne2 Nxe2 $1 23. Rxe2 {Threatens to win with e5.} Bc3 24. Bxc3 Qxc3 25. Qe3 Rc5 {[#]} (25... Rc7 $16) 26. e5 $1 $18 dxe5 27. fxe5 Rh1 $2 (27... Rc7 $16) 28. Rxh1 Bxh1 29. Rh2 {Intending Rh8+ and mate.} ({Weaker is} 29. Qh3 Bc6 $16) 29... Rxe5 $2 (29... Qxe5 30. Qxe5 Rxe5) 30. Rh8+ Ke7 31. Qa7+ {Precision: White = 83%, Black = 35%.} 1-0

[Event "5th Shamkir Chess 2018"]
[Site "Shamkir"]
[Date "2018.04.23"]
[Round "5"]
[White "Mamedyarov, Shakhriyar"]
[Black "Giri, Anish"]
[Result "1/2-1/2"]
[WhiteElo "2814"]
[BlackElo "2777"]
[Annotator "TA"]
[PlyCount "80"]
[EventDate "2018.??.??"]
[EventType "tourn"]
[EventCountry "AZE"]
[SourceTitle "playchess.com"]
[Source "ChessBase"]
[SourceQuality "1"]

{[%evp 23,80,0,23,12,18,21,29,18,12,7,6,4,4,0,4,0,0,0,4,0,0,0,0,-1,0,-4,0,0,0,0,0,0,0,-5,0,0,0,0,0,0,0,0,0,0,0,0,0,0,0,0,0,0,0,0,0,0,0,0,0]} 1. d4 d5 2. c4 e6 3. Nf3 Nf6 4. Nc3 Be7 5. Bf4 O-O 6. e3 Nbd7 7. Qc2 c5 8. Rd1 {D37: Queen's Gambit Declined: 5 Bf4} cxd4 9. Rxd4 Qa5 10. Bg3 Nb6 11. Nd2 dxc4 12. Bxc4 Nxc4 {LiveBook: 11 Games} 13. Nxc4 Qa6 14. O-O Rd8 15. Rxd8+ Bxd8 {[#] The position is equal.} 16. Ne5 $146 (16. Rd1 {seems wilder.} Bd7 17. Rd4 Bc6 18. Qd2 Be7 19. Bd6) 16... Bd7 17. Nxd7 Nxd7 18. Rd1 Nf6 19. Qd3 Qxd3 20. Rxd3 Rc8 21. f3 Kf8 22. Kf1 a6 23. Ke2 Ke8 24. Rd4 Be7 25. Bd6 Nd5 26. Bxe7 Nxc3+ 27. bxc3 {[#] aiming for Bb4.} Kxe7 $11 {[%mdl 4096] Endgame KR-KR} 28. Kd3 Rc5 29. Rb4 b5 30. c4 Kd6 31. cxb5 axb5 32. a4 Rd5+ 33. Ke2 bxa4 34. Rxa4 Rc5 35. Ra6+ Ke7 36. Ra4 Rc2+ 37. Kf1 Rc1+ 38. Kf2 Rc2+ 39. Kf1 Rc1+ 40. Kf2 Rc2+ {Precision: White = 87%, Black = 77%.} 1/2-1/2

[Event "5th Shamkir Chess 2018"]
[Site "Shamkir"]
[Date "2018.04.23"]
[Round "5"]
[White "Ding, Liren"]
[Black "Radjabov, Teimour"]
[Result "1/2-1/2"]
[WhiteElo "2778"]
[BlackElo "2748"]
[Annotator "TA"]
[PlyCount "80"]
[EventDate "2018.??.??"]
[EventType "tourn"]
[EventCountry "AZE"]
[SourceTitle "playchess.com"]
[Source "ChessBase"]
[SourceQuality "1"]

{[%evp 23,80,8,14,13,14,0,0,0,0,0,0,0,0,0,0,0,0,-6,-7,-13,-12,-13,0,-36,-34,-36,-43,-66,-62,-44,-53,-74,-75,-41,-35,-27,-39,-39,-33,-27,-27,-27,-27,-27,-27,-40,-52,-44,-41,-34,-22,-29,-22,-22,-22,-22,-8,-27,-26]} 1. d4 Nf6 2. c4 e6 3. Nf3 d5 4. Nc3 Be7 5. Bf4 O-O 6. e3 Nbd7 7. c5 Nh5 8. Bd3 {D37: Queen's Gambit Declined: 5 Bf4} Nxf4 9. exf4 b6 10. b4 a5 11. a3 c6 12. O-O Qc7 {LiveBook: 109 Games} 13. g3 Ba6 14. Qe2 (14. Bxa6 Rxa6 15. Qe2 Rfa8 {1-0 (66) Aronian,L (2805)-Karjakin,S (2760) Riadh 2017}) 14... Bxd3 15. Qxd3 Ra7 {[#]} 16. Rfc1 $146 Rfa8 {[#] And now ...axb4 would win.} 17. cxb6 Qxb6 18. b5 a4 19. f5 c5 20. fxe6 fxe6 21. dxc5 Nxc5 22. Qe3 $1 Rb7 23. Rab1 Nb3 {[#] aiming for ...Qxe3.} 24. Qxb6 Rxb6 25. Rc2 Bf6 ({Weaker is} 25... Bxa3 26. Ra2 $16) 26. Nxa4 Rxb5 27. Nc3 Rb7 {Strongly threatening ...Rc8.} 28. Ne2 Rab8 29. Nf4 Nd4 30. Rxb7 Nxf3+ 31. Kg2 Ne1+ 32. Kf1 Rxb7 33. Kxe1 $11 {[%mdl 4096] Endgame KRB-KRN} Kf7 34. a4 Ra7 35. Ra2 g5 36. Nd3 Ke7 37. f4 gxf4 38. gxf4 Kd6 39. Ke2 Bc3 40. Ke3 Ba5 {Precision: White = 74%, Black = 70%.} 1/2-1/2

[Event "5th Shamkir Chess 2018"]
[Site "Shamkir"]
[Date "2018.04.23"]
[Round "5"]
[White "Navara, David"]
[Black "Topalov, Veselin"]
[Result "0-1"]
[WhiteElo "2745"]
[BlackElo "2749"]
[Annotator "TA"]
[PlyCount "106"]
[EventDate "2018.??.??"]
[EventType "tourn"]
[EventCountry "AZE"]
[SourceTitle "playchess.com"]
[Source "ChessBase"]
[SourceQuality "1"]

{[%evp 17,106,17,20,12,13,0,43,33,35,22,42,0,42,38,47,45,43,43,42,44,50,55,43,6,7,7,32,25,25,35,49,38,33,29,36,31,43,9,11,14,19,0,0,0,0,0,0,-20,-20,-54,-37,-51,-40,-84,-83,-75,-70,-130,-127,-118,-143,-143,-138,-114,-64,-66,-66,-106,-107,-97,-90,-260,-258,-315,-319,-293,-293,-318,-301,-339,-298,-466,-488,-480,-470,-391,-382,-582,-528,-528,-528]} 1. Nf3 d5 2. g3 c6 3. Bg2 Nf6 4. O-O Bg4 5. d3 Nbd7 6. c4 dxc4 7. dxc4 e5 {A11: English Opening: 1...c6} 8. Qc2 h6 9. Rd1 Qc7 {LiveBook: 3 Games. The position is equal.} 10. Nc3 $146 ({Predecessor:} 10. Nh4 Bc5 11. Nf5 O-O 12. Nc3 Rad8 13. Na4 Rfe8 14. Nxc5 Nxc5 {0-1 (57) Plonczak,D (2216)-Dreev,A (2673) Warsaw 2013}) 10... Be6 11. b3 Bc5 12. Na4 Be7 13. Nh4 g6 14. h3 Kf8 15. Bb2 Re8 16. e4 Kg8 17. Rac1 Kh7 18. Nf5 Bf8 19. Ne3 Nb6 20. Qc3 Nxa4 21. Qxe5 Bd6 22. Qxf6 {[%csl Gb2][%cal Rf6g7]} Nxb2 23. Qxb2 Qe7 24. Qc3 Bb4 25. Qe5 Qg5 26. Qb2 Rd8 27. a3 Rxd1+ 28. Rxd1 Bc5 29. Nf1 Rd8 30. h4 $1 {[%cal Rh4g5]} Qe7 31. Rxd8 Qxd8 32. b4 Qd4 33. Qc2 Be7 34. c5 a5 35. bxa5 Bxc5 36. a4 Kg7 $36 {[%mdl 2048] Black is pushing.} 37. Nh2 {[#]} ({White should play} 37. Ne3 $15) 37... Bb3 $1 $17 {[%mdl 512]} 38. Qe2 (38. Qxb3 Qxf2+) 38... Qxa4 39. Nf3 Qa1+ 40. Bf1 Qc3 41. Kg2 Ba4 42. Qc4 Qxc4 43. Bxc4 {[%mdl 4096] Endgame KBB-KBN} Bc2 44. Nd2 $2 (44. e5 $17 {is a better defense.}) 44... Bb4 $19 45. Bb3 {[#]} Bxb3 $1 ({Weaker is} 45... Bxd2 46. Bxc2 Bxa5 47. e5 $17) ({Stronger than} 45... Bxa5 46. Nc4 $11) 46. Nxb3 {KB-KN} c5 {[%cal Bc6c5,Bc5c4,Bc4c3][%mdl 32]} 47. Kf3 c4 48. Nd4 Bxa5 49. Nb5 (49. Ke2 {was necessary.}) 49... c3 {And now ...c2 would win.} 50. Nd4 {[#]} b5 $1 {[%cal Bb7b5,Bb5b4][%mdl 544]} 51. Ke2 (51. Nxb5 c2) 51... b4 52. f4 (52. Nb3 $142 Bb6 53. Nc1) 52... Bb6 53. Nb3 h5 {Precision: White = 34%, Black = 74%.} 0-1